[Event "Bayern-chI Bank Hofmann 26th"]
[Site "Tegernsee"]
[Date "2023.10.31"]
[Round "4"]
[White "Kindtner, Ulrich"]
[Black "Kobold, Jonathan"]
[Result "1/2-1/2"]
[WhiteElo "2199"]
[BlackElo "1901"]
[PlyCount "105"]
[EventDate "2023.10.28"]
[EventType "swiss"]
[EventRounds "9"]
[EventCountry "GER"]
[SourceTitle "Mega2024 Update 01"]
[Source "Chessbase"]
[SourceDate "2023.11.12"]
[SourceVersion "1"]
[SourceVersionDate "2023.11.12"]
[SourceQuality "1"]

1. e4 c5 2. c3 Nf6 3. e5 Nd5 4. d4 cxd4 5. cxd4 d6 6. Nf3 Nc6 7. a3 e6 8. Bd3 Be7 9. 0-0 0-0 10. Re1 f6 11. exf6 Bxf6 12. Nc3 Nxc3 13. bxc3 e5 14. Bc2 Re8 15. Qd3 g6 16. Bh6 Bf5 17. Bb3+ Kh8 18. Qd2 Na5 19. Bf7 Re7 20. Ba2 Be6 21. d5 Bf5 22. Ng5 Rc8 23. Ne4 Rec7 24. Nxf6 Qxf6 25. f4 e4 26. g4 Bxg4 27. Rxe4 Qxc3 28. Rae1 Kg8 29. f5 Bxf5 30. Re8+ Kf7 31. Qxc3 Rxc3 32. R8e7+ Kf6 33. h4 g5 34. Bg7+ Kg6 35. Bxc3 Rxc3 36. Bb1 Bxb1 37. Rxb1 Rxa3 38. hxg5 Rd3 39. Rb5 Nc4 40. Rbxb7 Rxd5 41. Rg7+ Kh5 42. Rxh7+ Kxg5 43. Rxa7 Ne5 44. Kf2 Kf4 45. Ra4+ Kf5 46. Rah4 Rd3 47. Ke2 Ke6 48. R7h6+ Kd5 49. Ra4 Rc3 50. Ra6 Rc6 51. Ra2 Nc4 52. Kf3 Kc5 53. Ke4 1/2-1/2

[Event "Bad Woerishofen op 38th"]
[Site "Bad Woerishofen"]
[Date "2023.03.10"]
[Round "8"]
[White "Weichelt, Jens"]
[Black "Kobold, Jonathan"]
[Result "1-0"]
[WhiteElo "2039"]
[BlackElo "1875"]
[PlyCount "59"]
[EventDate "2023.03.03"]
[EventType "swiss"]
[EventRounds "9"]
[EventCountry "GER"]
[SourceTitle "CBM 213 Extra"]
[Source "ChessBase"]
[SourceDate "2023.05.31"]
[SourceVersion "1"]
[SourceVersionDate "2023.05.31"]
[SourceQuality "1"]

1. d4 c6 2. c4 d5 3. Nc3 Nf6 4. e3 e6 5. Nf3 b6 6. cxd5 exd5 7. Bd3 Ba6 8. Bxa6 Nxa6 9. 0-0 Bd6 10. a3 0-0 11. b4 b5 12. Qc2 Nb8 13. e4 dxe4 14. Nxe4 Nxe4 15. Qxe4 Re8 16. Qc2 a5 17. Bd2 axb4 18. Bxb4 Ra4 19. Rab1 Qc7 20. Rfe1 Rxe1+ 21. Rxe1 Bxb4 22. axb4 g6 23. Re8+ Kg7 24. Qc3 Na6 25. d5+ Kh6 26. Qe3+ Kg7 27. Qd4+ Kh6 28. d6 Qd7 29. Rg8 Rxb4 30. Qe3+ 1-0

[Event "Oberliga Bayern 2122"]
[Site "Bayern"]
[Date "2022.06.26"]
[Round "3.7"]
[White "Kobold, Jonathan"]
[Black "Reisser, Simon"]
[Result "0-1"]
[WhiteElo "1830"]
[BlackElo "1940"]
[PlyCount "138"]
[EventDate "2021.10.24"]
[EventType "team-tourn"]
[EventRounds "9"]
[EventCountry "GER"]
[SourceTitle "EXT 2024"]
[Source "ChessBase"]
[SourceDate "2023.10.10"]
[SourceVersion "1"]
[SourceVersionDate "2023.10.10"]
[SourceQuality "1"]
[WhiteTeam "Weilheim"]
[BlackTeam "Trostberg"]
[WhiteTeamCountry "GER"]
[BlackTeamCountry "GER"]

1. e4 e5 2. Nf3 Nc6 3. Bc4 Bc5 4. c3 Nf6 5. d3 a6 6. Bb3 h6 7. 0-0 0-0 8. Re1 Re8 9. h3 d6 10. Nbd2 Be6 11. Bc2 Ba7 12. Nf1 d5 13. Ng3 Qd7 14. exd5 Bxd5 15. Be3 Bxe3 16. fxe3 Rad8 17. e4 Be6 18. Qe2 Qd6 19. a3 Ne7 20. d4 Ng6 21. Rad1 Qb6 22. b4 Nf4 23. Qe3 Bxh3 24. gxh3 Nxh3+ 25. Kf1 Ng4 26. Qd3 Nhf2 27. Qc4 Nxd1 28. Bxd1 exd4 29. cxd4 Qb5 30. Bb3 Rd6 31. a4 Qxc4+ 32. Bxc4 Rc6 33. Nd2 Rf6+ 34. Ke2 Rf2+ 35. Kd3 Rg2 36. Nf5 g6 37. Ne3 Rg3 38. Bb3 Nf2+ 39. Ke2 Nxe4 40. Nxe4 Rxe4 41. Kf2 Rh3 42. Bd5 Rxd4 43. Bxb7 Rxb4 44. Bxa6 Rxa4 45. Bf1 Ra2+ 46. Re2 Rh2+ 47. Ng2 Rxe2+ 48. Bxe2 Kg7 49. Kg3 Rh1 50. Ne3 Rc1 51. Kf3 f5 52. Ba6 Kf6 53. Bc8 Ke5 54. Bd7 Rc3 55. Ke2 h5 56. Be8 f4 57. Nd1 Rg3 58. Nf2 h4 59. Bd7 Kd4 60. Bc6 g5 61. Nh1 Rc3 62. Bd7 c5 63. Nf2 Re3+ 64. Kd2 c4 65. Bg4 c3+ 66. Kc2 f3 67. Nd1 Re2+ 68. Kc1 c2 69. Nb2 Ke3 0-1